000 00731nam a2200217 i 4500
001 47069
003 ES-MaACL
005 20240305180337.0
007 t|
008 030403s1973 sp ||||1| spa d
245 0 0 _aContraescuela
_b: (La Escuela sucesora de Barbiana) /
_cPatrizia Ciabatti [y otros] ; [traducción Jesús Gómez].
260 _a[Bilbao :
_bZero,
_c1973]
300 _a86 p. ;
_c18 cm.
490 1 _aColección: "Lee y Discute". Serie R ;
_v43
650 7 _aEnseñanza-
_zItalia
_2
_9166206
700 1 _aCiabatti, Patricia.
_938730
700 1 _aGómez, Jesús.
_957769
830 0 _aColección: "Lee y Discute". Serie R ;
_v43
_9219453
852 _aES-MaACL
_jC-56216
_bR.88628
999 _c47069
_d47069